| 000 | 00762cam a2200193 a 4500 | ||
|---|---|---|---|
| 001 | 000011889 | ||
| 005 | 20200929162615.0 | ||
| 008 | 760514s1964 ve a 000 0 spa d | ||
| 040 |
_aDO-SdBNP _bspa _cBNPHU |
||
| 082 |
_axx _bxx |
||
| 100 | 1 |
_aWilbert, Johannes. _928102 |
|
| 245 | 1 | 0 |
_aMaterial lingüístico Ye / _cJohannes Wilbert. |
| 260 |
_aCaracas : _bSucre, _c1964. |
||
| 300 |
_a303 p. ; _c23 cm. |
||
| 490 | 1 |
_aInstituto Caribe de Antropología y Sociología. Fundación La Salle de Ciencias Naturales : _pMonografías, _v10 |
|
| 504 | _aBibliografía: p. 301-303. | ||
| 650 | 0 |
_aGe _xGlossaries, vocabularies, etc. _928103 |
|
| 830 | 0 |
_aInstituto Caribe de Antropología y Sociología. Fundación La Salle de Ciencias Naturales : _pMonografías, _v10 _928104 |
|
| 999 |
_c11559 _d11559 |
||